TV Guide Top 60 Theme Songs Quiz Stats

 Plays Quiz not verified by Sporcle

Also try: Degrassi Couples
Challenge
Share
Tweet
Embed
Score 0/60 Timer 10:00
0 Plays Today
Shows % Correct
Cheers (#1)
77.6%
Friends (#5)
75.3%
All In the Family
66.1%
The Simpsons
60.9%
M*A*S*H (#4)
60.2%
Happy Days
55.4%
I Love Lucy
52.7%
The Mary Tyler Moore Show (#2)
52.5%
Gilligan's Island
49.8%
The Jeffersons (#8)
48.2%
The Brady Bunch
44.6%
The Golden Girls
44.1%
Family Guy
41.6%
The Cosby Show
40.7%
Dallas
39.4%
Laverne & Shirley
39.4%
The Sopranos
39.1%
The Andy Griffith Show
38.5%
The Addams Family
37.3%
The Beverly Hillbillies (#6)
36.4%
The Flintstones
34.2%
Hawaii Five-O (#3)
30.5%
Law & Order
29.9%
Green Acres
29.6%
Sesame Street (#9)
29.6%
Bewitched
28.7%
The X-Files
28.7%
The Fresh Prince Of Bel-Air (#10)
28.1%
The Facts Of Life
27.8%
Star Trek
27.8%
Shows % Correct
The Big Bang Theory
27.4%
Hill Street Blues
27.4%
Three's Company
27.4%
Maude
25.3%
Good Times
24.7%
The Greatest American Hero
21.5%
Mission: Impossible
21%
Batman
20.6%
Welcome Back, Kotter
20.4%
Miami Vice
19.7%
The Tonight Show Starring Johnny Carson
18.1%
The Muppet Show
17.4%
Get Smart
17.2%
Scooby-Doo
16.1%
The Rockford Files
15.2%
Mister Ed
14.9%
The Monkees
14.7%
SpongeBob SquarePants
14.7%
The Odd Couple
14.5%
Malcolm In The Middle
14%
Dawson's Creek
10.9%
Alfred Hitchcock Presents
9%
Curb Your Enthusiasm
8.4%
Peter Gunn
8.4%
Ally McBeal
7%
The Mickey Mouse Club
6.8%
Weeds
6.3%
The Patty Duke Show
5.2%
Car 54, Where Are You?
4.8%
Route 66 (#7)
4.5%

You're not logged in!

Compare scores with friends on all Sporcle quizzes.
Join for Free
OR
Log In

You Might Also Like...

Show Comments

Extras

Top Quizzes Today


Score Distribution

Your Account Isn't Verified!

In order to create a playlist on Sporcle, you need to verify the email address you used during registration. Go to your Sporcle Settings to finish the process.

Report this User

Report this user for behavior that violates our Community Guidelines.

Details: